Statistics for British Company Logos #1

Click here to take the quiz!

General Stats

  • This quiz has been taken 161 times
  • The average score is 12 of 16

Answer Stats

Answer% Correct
Jaguar
95%
Land Rover
94%
BP
89%
Tesco
85%
Barclay's
82%
The Sun
81%
Sainsbury's
78%
Rolls Royce
77%
Lloyd's Bank
76%
Costa Coffee
73%
Greggs
73%
Homebase
63%
Morrison's
58%
Screwfix
57%
Natwest
50%
Jeep
31%

Score Distribution

Percentile by Number Answered

Percent of People with Each Score

Your Score History

You have not taken this quiz